Smallest Gap Between Rich and Poor Quiz Stats

 Plays Quiz not verified by Sporcle

Challenge
Share
Tweet
Embed
Score 0/30 Timer 05:00
0 Plays Today
Rating Country % Correct
3Sweden
89.8%
5Norway
89.3%
1Denmark
86.1%
8Finland
84%
11Germany
79.5%
24Canada
78.7%
26France
77.9%
2Japan
77%
20Netherlands
71.7%
28Belgium
71.3%
14Austria
69.3%
4Czech Republic
61.5%
6Slovakia
60.7%
23South Korea
60.2%
12Slovenia
55.3%
Rating Country % Correct
8Hungary
54.9%
10Ukraine
52.5%
21Romania
52%
13Croatia
50.8%
15Bulgaria
46.7%
16Belarus
45.9%
29Moldova
40.2%
22Albania
38.5%
7Bosnia and Herzegovina
36.5%
27Mongolia
25.8%
19Pakistan
16.4%
24Tajikistan
14.8%
18Kyrgyzstan
13.9%
30Bangladesh
11.5%
17Ethiopia
7.8%

You're not logged in!

Compare scores with friends on all Sporcle quizzes.
Join for Free
OR
Log In

You Might Also Like...

Show Comments

Extras

Top Quizzes Today


Score Distribution

Your Account Isn't Verified!

In order to create a playlist on Sporcle, you need to verify the email address you used during registration. Go to your Sporcle Settings to finish the process.

Report this User

Report this user for behavior that violates our Community Guidelines.

Details: